| 000 | 01046nam a2200301 a 4500 | ||
|---|---|---|---|
| 001 | 25761 | ||
| 003 | BD-RjUL | ||
| 005 | 20211209050926.0 | ||
| 008 | 140319s1962 enkac b 001 0beng d | ||
| 035 | _a(BD-RjUL)25831 | ||
| 040 |
_aDLC _cTXA _dTXA _dUKM _dEQO _dBD-RjUL _beng |
||
| 041 | _aeng | ||
| 082 | 0 |
_a954.040924 _218 _bNAN 1962 |
|
| 100 | 1 |
_aNanda, B. R. _q(Bal Ram), _d1917-2010. _979092 |
|
| 245 | 1 | 4 |
_aThe Nehrus : _bMotilal and Jawaharlal / _cby B.R. Nanda. |
| 260 |
_aLondon : _bGeorge Allen & Unwin, _c1962. |
||
| 300 |
_a357 p., [3] leaves of plates : _bill., ports. ; _c23 cm. |
||
| 504 | _aIncludes bibliography (p. [344]-347) and index. | ||
| 600 | 1 | 0 |
_aNehru, Motilal, _d1861-1931. _979134 |
| 600 | 1 | 0 |
_aNehru, Jawaharlal, _d1889-1964. _979135 |
| 650 | 0 |
_aStatesmen _zIndia _vBiography. _979124 |
|
| 650 | 0 |
_aPrime ministers _zIndia _vBiography. _979125 |
|
| 650 | 0 |
_aNationalism _zIndia. _979126 |
|
| 651 | 0 |
_aIndia _xPolitics and government _y1765-1947. _979127 |
|
| 942 |
_2ddc _cBK |
||
| 999 |
_c25761 _d25761 |
||